Alexander Hamilton - All Lyrics - Statistics

General Stats
  • This quiz has been taken 352 times
  • The average score is 438 of 558
Answer Stats
Answer % Correct
A
100%
And
97%
Do
97%
I
97%
Of
95%
The
95%
Does
94%
For
94%
How
94%
In
94%
Or
94%
Son
93%
Alex
92%
Alexander
92%
Be
92%
Orphan
92%
Whore
92%
Bastard
91%
Got
91%
Hamilton
91%
He
91%
With
91%
Him
90%
You
90%
Father
89%
To
89%
We
89%
Spot
88%
Ten
88%
Just
87%
But
86%
By
86%
Forgot
86%
His
86%
Is
86%
Man
86%
Name
86%
Then
86%
Up
86%
Wait
86%
Your
86%
When
85%
Forgotten
84%
My
84%
Scotsman
84%
There
84%
Being
83%
Done
83%
Dropped
83%
Founding
83%
Haven't
83%
Middle
83%
Mother
83%
Things
83%
Without
83%
Lot
82%
Million
82%
Caribbean
81%
Cousin
81%
Fourteen
81%
Grow
81%
I'm
81%
They
81%
Was
81%
What
81%
Workin'
81%
Every
80%
Harder
79%
Smarter
79%
Suicide
79%
What's
79%
Hero
78%
New
78%
Self-Starter
78%
Tradin'
78%
Working
78%
Charge
77%
Scholar
77%
Went
77%
Better
76%
Can
76%
Inside
76%
It
76%
Left
76%
Moved
76%
Farther
75%
Somethin'
75%
Ten-Dollar
75%
World
75%
Charter
74%
Day
74%
Know
74%
Nothin'
74%
Slaves
74%
Were
74%
Are
73%
Placed
73%
Trading
73%
Came
72%
From
72%
On
72%
While
72%
Dead
71%
Down
71%
Gotta
71%
Sick
71%
Yourself
71%
Get
70%
Land
70%
Said
70%
This
70%
Away
69%
Gonna
69%
Kid
69%
See
69%
Started
69%
York
69%
Hurricane
68%
Insane
68%
Late
68%
Voice
68%
Commited
67%
Fend
67%
Collection
66%
Forget
66%
Mainland
66%
Me
66%
Word
66%
Wrote
66%
Around
65%
Brain
65%
Don't
65%
Landlord
65%
Pride
65%
Send
65%
Ship
65%
Their
65%
Half
64%
Mother's
64%
Reading
64%
Saying
64%
Shot
64%
Steal
64%
That
64%
Took
64%
Connected
63%
First
63%
Fool
63%
Full
63%
Loved
63%
Ruined
63%
Shelf
63%
Afford
62%
As
62%
Been
62%
Beg
62%
Borrow
62%
Can't
62%
Damn
62%
Drip
62%
Nothing
62%
Part
62%
Squalor
62%
Brother
61%
Dripping
61%
Future
61%
Pain
61%
Put
61%
Scent
61%
Slaughtered
61%
Something
61%
Sugar
61%
Temple
61%
Testament
61%
Thick
61%
Waiting
61%
Drain
60%
Own
60%
Pencil
60%
Ready
60%
Refrain
60%
Sittin'
60%
Someone
60%
Cane
59%
Carted
59%
Fought
59%
Guard
59%
Kept
59%
Saw
59%
Barter
58%
Bed-Ridden
58%
Died
58%
Education
58%
Less
58%
Never
58%
Providence
58%
Would've
58%
Years
58%
Book
57%
Now
57%
Will
57%
Across
56%
Devastation
56%
Longing
56%
Struggled
56%
Two
56%
Hands
55%
Oh
55%
Split
55%
Waves
55%
Astute
54%
Rum
54%
Same
54%
America
53%
If
53%
Impoverished
53%
Time
53%
Whence
53%
Wings
53%
Destitute
52%
Later
51%
Back
50%
Bow
50%
Retreating
50%
Trusted
50%
Debt-Ridden
49%
Immigrant
49%
Take
48%
Well
48%
Another
47%
Overcame
47%
Rained
46%
Restitution
46%
Comin'
45%
Sings
45%
Bottom
44%
Clerkin'
44%
Game
43%
Cent
42%
Stands
42%
Learned
39%
Rewrote
39%
Headed
38%
Treatise
38%
Could
36%
Harbour
36%
Enemies
34%
Scammin'
34%
Destroyed
32%
Rep
32%
Plannin'
31%
Ya
28%
Quickly
26%
Other
24%
No matching quizzes found
Score Distribution
Percent of People with Each Score
Percentile by Number Answered
Your Score History
You have not taken this quiz